New pocket dictionary english and german (Record no. 6586)

MARC details
000 -CABECERA
campo de control de longitud fija 00866nam a2200229 a 4500
001 - NÚMERO DE CONTROL
campo de control BRCA_6904
005 - FECHA Y HORA DE LA ÚLTIMA TRANSACCIÓN
campo de control 20190320205632.0
008 - DATOS DE LONGITUD FIJA--INFORMACIÓN GENERAL
campo de control de longitud fija 151111s1898----gw-#######---#000-0#eng-#
041 ## - CÓDIGO DE LENGUA
Código de lengua del texto/banda sonora o título independiente eng
044 ## - CÓDIGO DEL PAÍS DE LA ENTIDAD EDITORA/PRODUCTORA
Código MARC del país ger
050 #4 - SIGNATURA TOPOGRÁFICA DE LA BIBLIOTECA DEL CONGRESO
Número de clasificación PE3640
Número de documento/Ítem .P6 1898
245 10 - MENCIÓN DE TÍTULO
Título New pocket dictionary english and german
Resto del título to which is added a pocket companion for travellers, containing a collections of conversations, a geographical vocabulary and a table of coins
Mención de responsabilidad, etc. by Dr. F. E. Feller; enlarged and improved by Prof. Dr. O. Thiergen.
260 ## - PUBLICACIÓN, DISTRIBUCIÓN, ETC.
Lugar de publicación, distribución, etc. Leipzig
Nombre del editor, distribuidor, etc. B. G. Teubner
Fecha de publicación, distribución, etc. 1898
300 ## - DESCRIPCIÓN FÍSICA
Extensión 523 p.
Dimensiones 11 cm.
440 #0 - MENCIÓN DE SERIE/PUNTO DE ACCESO ADICIONAL--TÍTULO
Título Collection Feller
Designación de volumen o secuencia 1
9 (RLIN) 17192
500 ## - NOTA GENERAL
Nota general Diccionario inventariado por Banco de México como libro
500 ## - NOTA GENERAL
Nota general L169
650 14 - PUNTO DE ACCESO ADICIONAL DE MATERIA--TÉRMINO DE MATERIA
Término de materia o nombre geográfico como elemento de entrada Inglés
Subdivisión de forma Diccionarios
Subdivisión general Alemán
9 (RLIN) 17193
650 14 - PUNTO DE ACCESO ADICIONAL DE MATERIA--TÉRMINO DE MATERIA
Término de materia o nombre geográfico como elemento de entrada Alemán
Subdivisión de forma Diccionarios
Subdivisión general Inglés
9 (RLIN) 17194
902 ## - CATALOGADOR
Iniciales GFM
942 ## - ELEMENTOS DE PUNTO DE ACCESO ADICIONAL (KOHA)
Fuente del sistema de clasificación o colocación Library of Congress Classification
Tipo de ítem Koha Libros
Holdings
Estado de retiro Estado de pérdida Estado dañado No para préstamo Localización permanente Ubicación/localización actual Fecha de adquisición Número de inventario Total de préstamos Signatura topográfica completa Código de barras Fecha visto por última vez Precio válido a partir de Tipo de ítem Koha
El ejemplar forma parte de la colección y puede ser consultado según las políticas vigentes.       Biblioteca del Museo Franz Mayer (Rogerio Casas-Alatriste) Biblioteca del Museo Franz Mayer (Rogerio Casas-Alatriste) 15/11/2011 L169   PE3640 .P6 1898 (L169) 7351 22/03/2019 22/03/2019 Libros